000 00567nam a2200181Ia 4500
005 20250508163836.0
008 008 250505s9999 xx 000 0 eng d
020 _a81-7391-396-X
037 _aTextual
040 _aFEDL
_beng
_cFEDL
041 _aeng
_2eng
084 _a362.7, DOL
_qFEDL
100 _aDolly Singh Ed.
245 0 _aChild rights and social wrongs : An analysis of contemporary realities. 3 Vols
260 _aNew Delhi, India
_bKanishka Publishers, Distributors
_c2001
942 _cTEXL
_h362.7, DOL
999 _c1385560
_d1385560